Химия и общая химическая технология: [сборник]

Dettagli Bibliografici
Ente Autore: Ташкентский политехнический институт
Altri autori: Ниязов М. И. (редактор)
Riassunto:Исключено из фонда НТБ ТПУ
Lingua:russo
Pubblicazione: Ташкент, Изд-во ТашПИ, 1977
Serie:Сборник научных трудов Вып. 178
Natura: MixedMaterials Libro
KOHA link:https://koha.lib.tpu.ru/cgi-bin/koha/opac-detail.pl?biblionumber=248361

MARC

LEADER 00000nam0a2200000 4500
001 248361
005 20231031212456.0
035 |a (RuTPU)RU\TPU\book\270143 
035 |a RU\TPU\book\268958 
090 |a 248361 
100 |a 20140122d1977 k y0rusy50 ca 
101 0 |a rus 
102 |a UZ 
105 |a a z 001zy 
200 1 |a Химия и общая химическая технология  |e [сборник]  |f Ташкентский политехнический институт ; отв. ред. М. И. Ниязов 
210 |a Ташкент  |c Изд-во ТашПИ  |d 1977 
215 |a 49 с.  |c ил. 
225 1 |a Сборник научных трудов  |v Вып. 178 
320 |a Библиогр. в конце ст. 
333 |a Исключено из фонда НТБ ТПУ 
702 1 |a Ниязов  |b М. И.  |4 340 
712 0 2 |a Ташкентский политехнический институт  |2 stltpush  |3 (RuTPU)RU\TPU\col\6741 
801 1 |a RU  |b 63413507  |c 20131225 
801 2 |a RU  |b 63413507  |c 20210208  |g RCR 
942 |c BK